000 00390nam a2200157Ia 4500
008 220603s9999 xx 000 0 und d
082 _a615.1
_bVAL
100 _aVallerand April
_990641
245 _aDavis's Drug Guide For Nurses
250 _a13th ed
260 _aPhiladelphia
_bF A Davis Company
_c2011
300 _a1494p
365 _b
542 _bMSC
999 _c54595
_d54595